| 000 | 00509nam a2200205Ia 4500 | ||
|---|---|---|---|
| 003 | OSt | ||
| 005 | 20230606213600.0 | ||
| 008 | 210423s2010 xx 000 0 und d | ||
| 040 | _cAL | ||
| 041 | _aeng | ||
| 082 |
_a305.562 _223 _bRAMS |
||
| 100 |
_aRAMANUJAN (M S) _9120716 |
||
| 245 | _aSkilling women | ||
| 260 |
_aNew Delhi _bSri Ramakrishna math _c2010 |
||
| 365 |
_b325 _cINR |
||
| 650 |
_aSocial Classes _9120717 |
||
| 650 |
_aSociology _9120718 |
||
| 906 | _aSkilling ; women | ||
| 942 |
_2ddc _cBK |
||
| 999 |
_c175997 _d175997 |
||